ՀՀ Գիտությունների ազգային ակադեմիայի հիմնարար գիտական գրադարան  =   Fundamental Scientific Library of NAS RA

Муму : (Record no. 181623)

MARC details
000 -LEADER
fixed length control field 00674nam a2200193 u 4500
001 - CONTROL NUMBER
control field 000492615
003 - CONTROL NUMBER IDENTIFIER
control field AM-YeHGA
005 - DATE AND TIME OF LATEST TRANSACTION
control field 20250617134419.0
008 - FIXED-LENGTH DATA ELEMENTS--GENERAL INFORMATION
fixed length control field 060612s1978 ||| r 000 0 rus d
040 ## - CATALOGING SOURCE
Original cataloging agency AM-YeHGA
041 0# - LANGUAGE CODE
Language code of text/sound track or separate title rus
090 ## - LOCALLY ASSIGNED LC-TYPE CALL NUMBER (OCLC); LOCAL CALL NUMBER (RLIN)
-- 183074
100 1# - MAIN ENTRY--PERSONAL NAME
Personal name Тургенев, Иван Сергеевич.
245 10 - TITLE STATEMENT
Title Муму :
Remainder of title Кн. для чтения с коммент. на нидерланд. яз. и словарём /
Statement of responsibility, etc. И.С. Тургенев.
246 15 - VARYING FORM OF TITLE
Title proper/short title Moemoe
260 ## - PUBLICATION, DISTRIBUTION, ETC.
Place of publication, distribution, etc. Москва :
Name of publisher, distributor, etc. Рус. яз.,
Date of publication, distribution, etc. 1978.
300 ## - PHYSICAL DESCRIPTION
Extent 94 c. :
Other physical details портр.
653 0# - INDEX TERM--UNCONTROLLED
Uncontrolled term Русский язык для иностранцев - Хрестоматии
Holdings
Withdrawn status Lost status Damaged status Not for loan Collection Home library Current library Date acquired Total checkouts Full call number Barcode Date last seen Price effective from Koha item type Public note
        General Fundamental Scientific Library Fundamental Scientific Library 28/12/2016   808.2-8(075.8-3.93) 110042670 28/12/2016 28/12/2016 Գրքեր / Books 30 Days Loan


ՀՀ ԳԱԱ հիմնարար գիտական գրադարան
ՀՀ,Երևան 0019
Մարշալ Բաղրամյան 24/6
հեռախոս:(374-10) 52-47-50
Հետադարձ կապ

All site content, except where otherwise noted, is licensed under a
Creative Commons License